000
00316nam a22001337a 4500
008
170619b xxu||||| |||| 00| 0 eng d
020
_a
9780393302127
041
_a
eng
080
_a
94(7/8)
100
_a
18
101
_a
SHP
245
_a
MEVITABLE REVOLUTIONS THE UNITED STATES
_c
LAFEBER.W
942
_2
udc
_c
BK
999
_c
18097
_d
18097